000
00236nam a2200097Ia 4500
082
_a
EF EWIN
245
0
_a
The fraud
100
_a
EWING, Barbara London, 2009
_9
73377
942
_c
BK
008
210817s9999 xx 000 0 und d
999
_c
240245
_d
240243